000 00562nam a22002057a 4500
003 OSt
005 20151127134501.0
008 151127b xxu||||| |||| 00| 0 eng d
020 _a0340648147
040 _cDDC.
082 _a371 ROB 2000.
100 _aRobertson, John;
_96356
245 _aEffective Classroom Control.
_bUnderstanding Teacher-Student Relationship.
250 _a3rd ed
260 _aUK
_bHodder&Stoughton.
_c2000.
300 _aix,240p;
_bill;
_c23cm
504 _aReferences are included.
650 _aTeaching.
_9776
942 _2ddc
_cSLOAN
999 _c2722
_d2722